| 000 | 00357nam a2200133Ia 4500 | ||
|---|---|---|---|
| 008 | 240624s9999 xx 000 0 und d | ||
| 041 | _aeng | ||
| 082 | _a658.3 RAO | ||
| 100 | _aRAO G SURYA PRAKASH | ||
| 245 | _aPEOPLE MANAGEMENT CHANGING PERCEPTIONS A | ||
| 260 |
_c2001 _aHyderabad _bICFAI University |
||
| 300 | _avii, : 174 : p. : cm. ; 23 | ||
| 365 | _cRS | ||
| 999 |
_c2903 _d2903 |
||